[Event "Pan American-ch U14"]
[Site "Oaxtepec"]
[Date "2014.07.14"]
[Round "6"]
[White "Diaz Contreras, Pedro"]
[Black "Mendoza Criollo, Carlos David"]
[Result "1/2-1/2"]
[WhiteElo "1839"]
[BlackElo "1781"]
[PlyCount "36"]
[EventDate "2014.07.11"]
[EventType "swiss"]
[EventRounds "9"]
[EventCountry "MEX"]
[SourceTitle "EXT 2022"]
[Source "ChessBase"]
[SourceDate "2021.10.06"]
[SourceVersion "1"]
[SourceVersionDate "2021.10.06"]
[SourceQuality "1"]

1. e4 e5 2. Nf3 Nc6 3. Bc4 Nf6 4. d3 Be7 5. h3 0-0 6. 0-0 a6 7. Re1 h6 8. c3 d6 9. d4 Nh7 10. dxe5 Nxe5 11. Nxe5 dxe5 12. Qxd8 Rxd8 13. a4 Bg5 14. Na3 Bd7 15. b3 Bc6 16. Bxg5 hxg5 17. f3 Nf6 18. Rad1 Nd7 1/2-1/2

[Event "Pan American-ch U14"]
[Site "Oaxtepec"]
[Date "2014.07.13"]
[Round "4"]
[White "Diaz Contreras, Pedro"]
[Black "Nieto Rodriguez, Alejandro"]
[Result "1/2-1/2"]
[WhiteElo "1839"]
[BlackElo "2036"]
[PlyCount "71"]
[EventDate "2014.07.11"]
[EventType "swiss"]
[EventRounds "9"]
[EventCountry "MEX"]
[SourceTitle "EXT 2022"]
[Source "ChessBase"]
[SourceDate "2021.10.06"]
[SourceVersion "1"]
[SourceVersionDate "2021.10.06"]
[SourceQuality "1"]

1. e4 e5 2. Nf3 Nc6 3. Bc4 Bc5 4. c3 Nf6 5. d3 d6 6. h3 h6 7. Nbd2 a6 8. Bb3 0-0 9. Nf1 d5 10. Qe2 dxe4 11. dxe4 Nh5 12. g3 b5 13. Be3 Bxe3 14. Nxe3 Nf6 15. Rd1 Qe7 16. Nd5 Nxd5 17. Bxd5 Bd7 18. Nh4 Kh7 19. Nf5 Qf6 20. Ne3 Rad8 21. h4 Ne7 22. Bb3 c6 23. Ng4 Bxg4 24. Qxg4 Rxd1+ 25. Qxd1 c5 26. 0-0 Nc6 27. Qe2 c4 28. Bc2 Rd8 29. Rd1 Kg8 30. Rd5 Rxd5 31. exd5 Ne7 32. Qe4 g6 33. b3 cxb3 34. Bxb3 Qd6 35. c4 bxc4 36. Qxc4 1/2-1/2

[Event "CHI Quilpue Region-ch sf 5th"]
[Site "Quilpue"]
[Date "2014.01.08"]
[Round "1.2"]
[White "Diaz Contreras, Pedro"]
[Black "Diaz Villagran, Robert"]
[Result "1/2-1/2"]
[WhiteElo "1819"]
[BlackElo "2260"]
[PlyCount "105"]
[EventDate "2014.01.08"]
[EventType "swiss"]
[EventRounds "9"]
[EventCountry "CHI"]
[SourceTitle "EXT 2024"]
[Source "ChessBase"]
[SourceDate "2023.10.10"]
[SourceVersion "1"]
[SourceVersionDate "2023.10.10"]
[SourceQuality "1"]

1. e4 e6 2. d4 d5 3. exd5 exd5 4. c4 Nf6 5. Nc3 Be7 6. cxd5 0-0 7. Bd3 Nbd7 8. Nf3 Nb6 9. h3 Nbxd5 10. 0-0 c6 11. Re1 Re8 12. Ne5 Be6 13. a3 Nxc3 14. bxc3 c5 15. Be3 Qa5 16. Qf3 Rac8 17. Qg3 Nh5 18. Qf3 Nf6 19. Qg3 c4 20. Bc2 Nd5 21. Bd2 Bf8 22. Qh4 g6 23. Nf3 Qd8 24. Qxd8 Rcxd8 25. a4 f6 26. Be4 Re7 27. g4 f5 28. gxf5 gxf5 29. Bc2 Rg7+ 30. Kf1 Bc8 31. Re5 f4 32. Bf5 Bxf5 33. Rxf5 Rgd7 34. Ne5 Rc7 35. Ng4 Rf7 36. Rxf7 Kxf7 37. Ne5+ Kg8 38. Nxc4 Nxc3 39. Bxc3 Rc8 40. Ke2 Rxc4 41. Kd3 Rc7 42. Rc1 Rc6 43. Bd2 Rh6 44. Bxf4 Rxh3+ 45. Ke4 Rh4 46. Rc8 Kf7 47. Kf3 Rh3+ 48. Ke4 Rh4 49. Kf3 Rh3+ 50. Ke4 Rh4 51. Kf3 Rh3+ 52. Ke4 Rh4 53. Kf3 1/2-1/2

[Event "Pan American-ch U14 24th"]
[Site "Pocos de Caldas"]
[Date "2013.07.29"]
[Round "5.9"]
[White "Diaz Contreras, Pedro"]
[Black "Saavedra Espiritu, Enrique Emanuel"]
[Result "1-0"]
[WhiteElo "1841"]
[BlackElo "1581"]
[PlyCount "87"]
[EventDate "2013.07.25"]
[EventType "swiss"]
[EventRounds "9"]
[EventCountry "BRA"]
[SourceTitle "EXT 2016"]
[Source "ChessBase"]
[SourceDate "2015.10.08"]
[SourceVersion "1"]
[SourceVersionDate "2015.10.08"]
[SourceQuality "1"]

1. e4 c5 2. Nf3 Nc6 3. d4 cxd4 4. Nxd4 d6 5. Nc3 g6 6. Be3 Bg7 7. Bc4 e6 8. Ndb5 Nge7 9. Qxd6 0-0 10. Qxd8 Rxd8 11. Rd1 Rxd1+ 12. Kxd1 a6 13. Nd6 b5 14. Bb3 Nd4 15. Ne2 Nxe2 16. Kxe2 Bxb2 17. Rd1 Nc6 18. a4 b4 19. Nc4 a5 20. Rd6 Bb7 21. f3 Bf6 22. Bb6 Rc8 23. Kd2 Bd8 24. Bxd8 Rxd8 25. Rxd8+ Nxd8 26. Nxa5 Ba6 27. Ke3 Kf8 28. Bc4 b3 29. cxb3 Bxc4 30. Nxc4 Nc6 31. Kd3 f6 32. Kc3 Ke7 33. b4 Kd7 34. b5 Nb8 35. a5 Kc7 36. a6 Nd7 37. Kb4 g5 38. Ka5 h5 39. b6+ Kb8 40. Kb5 g4 41. Kc6 gxf3 42. gxf3 Nf8 43. a7+ Ka8 44. Kc7 1-0

[Event "CHI-chT"]
[Site "Santiago de Chile"]
[Date "2012.11.27"]
[Round "2"]
[White "Bernucci Calisto, Enzo"]
[Black "Diaz Contreras, Pedro"]
[Result "1-0"]
[WhiteElo "1676"]
[BlackElo "1840"]
[PlyCount "123"]
[EventDate "2012.11.22"]
[EventType "team-tourn"]
[EventRounds "9"]
[EventCountry "CHI"]
[SourceTitle "EXT 2014"]
[Source "ChessBase"]
[SourceDate "2013.11.20"]
[SourceVersion "1"]
[SourceVersionDate "2013.11.20"]
[SourceQuality "1"]

1. d4 Nf6 2. Nf3 e6 3. Bf4 d5 4. e3 c5 5. c3 Nc6 6. Nbd2 Be7 7. Bd3 Nh5 8. Bg3 Nxg3 9. hxg3 h6 10. Qe2 c4 11. Bc2 b5 12. e4 b4 13. exd5 exd5 14. Ne5 Nxe5 15. Qxe5 Qd6 16. Ba4+ Kf8 17. Qxd6 Bxd6 18. Bc6 bxc3 19. bxc3 Rb8 20. Bxd5 Ba6 21. 0-0 Rc8 22. Rab1 g6 23. Ne4 Be7 24. Bb7 Bxb7 25. Rxb7 f5 26. Nd2 a5 27. Re1 Bd8 28. Re6 Rg8 29. d5 Rg7 30. Rxg7 Kxg7 31. Rc6 Rxc6 32. dxc6 Kf7 33. Nxc4 Ke6 34. f4 Kd5 35. Ne5 g5 36. c4+ Kc5 37. Kf2 Bc7 38. Ke3 g4 39. Kd3 h5 40. Ng6 Kd6 41. Nh4 Ke6 42. Kd4 Bb6+ 43. c5 Bc7 44. a4 Bd8 45. Kc4 Bc7 46. Ng6 Kf6 47. Nf8 Ke7 48. Nd7 Kd8 49. Kd5 Ke7 50. Ne5 Bb8 51. Nc4 Kd8 52. Nd6 Ke7 53. Nxf5+ Kf6 54. Nd6 Ke7 55. Nb5 h4 56. gxh4 Bxf4 57. Ke4 Bg3 58. h5 Bh4 59. Kf5 Be1 60. h6 Bg3 61. h7 Be5 62. Kxe5 1-0